000 01176nam a22001817a 4500
999 _c3186
_d3186
003 OSt
005 20231031144657.0
008 231031b ||||| |||| 00| 0 eng d
020 _a9781471890222
040 _cKH8
082 _a400 BAR
100 _aBarefoot, Simon,
_eauthor.
245 _aCambridge IGCSE® Spanish :
_bTeacher's CD-ROM /
_cSimon Barefoot.
260 _aLondon ;
_bHodder Education,
_c2017.
300 _c5.67 x 0.59 x 7.56 inches
520 _aThis Teacher's CD contains all the audio, activities, answers and teacher notes you need to make the most of the Student book, plus graded sample answers to prepare students for the exam. - Develop listening skills with 97 audio recordings and 97 audio transcripts - Support your teaching with 300 pages of teacher notes and all the answers to the Student Book exercises - Prepare students for Paper 4 with 87 pages of graded sample answers with examiner commentary - Revise vocabulary with 50 pages of editable vocabulary lists This content is also available online via our Dynamic Learning platform. Click 'Teaching and Learning Resources' in the Quick Links to the left to view this product.
942 _2ddc
_cTR